000 00473nam a2200169Ia 4500
008 240729s9999 xx 000 0 und d
022 _a2575-6265
245 0 _aPlant-Environment Interactions
260 _aUnited Kingdom
260 _bWiley
650 _a Botany
650 _a Environmental sciences | Science
650 _aGeography. Anthropology. Recreation
856 _uhttps://doaj.org/toc/9c8a606667494115989e826f1a6b759f
942 _2ddc
942 _cDOAJEJ
999 _c72555
_d72555
945 _a1
_bMadushi Gamage
_c1
_dMadushi Gamage